000 00668nam a2200265Ia 4500
003 OSt
005 20221005060610.0
006 a|||||r|||| 00| 0
007 ta
008 221004b |||||||| |||| 00| 0 eng d
020 _a0415263824 (HB)
024 _a109535
037 _cTextual
040 _aCRL
_cCRL
_beng
041 _2eng
_aeng
082 _aY742, P3
100 _aHendry Joy
_9131109
245 0 _aUnderstanding Japanese society
250 _a3rd
260 _aLondon
_bRoutledge Curzon UK
_c2003
300 _axviii,265p.
_ccm.
650 _aSOCIOLOGY
942 _hY742, P3
_cTEXL
_2cc
999 _c966951
_d966951